Miasta w Polsce na literę S - Statystyki

Ogólne statystyki
  • Ten quiz został rozwiązany 336 razy
    89 od ostatniego zresetowania
  • Średni wynik to 60 z 117
Statystyki odpowiedzi
Liczba mieszkańców Województwo Miasto % Poprawnych
183 962 śląskie Sosnowiec
100%
385 158 zachodniopomorskie Szczecin
100%
74 504 mazowieckie Siedlce
95%
68 067 podlaskie Suwałki
95%
38 021 łódzkie Sieradz
92%
44 958 łódzkie Skierniewice
92%
84 409 pomorskie Słupsk
92%
65 848 zachodniopomorskie Stargard
92%
62 571 śląskie Siemianowice Śląskie
90%
53 897 podkarpackie Stalowa Wola
90%
44 870 pomorskie Starogard Gdański
90%
33 677 podkarpackie Sanok
87%
43 516 świętokrzyskie Starachowice
87%
37 136 zachodniopomorskie Szczecinek
87%
21 423 warmińsko-mazurskie Szczytno
87%
40 360 świętokrzyskie Skarżysko-Kamienna
85%
31 300 pomorskie Sopot
85%
20 834 świętokrzyskie Sandomierz
82%
16 040 lubuskie Słubice
77%
32 941 mazowieckie Sochaczew
77%
16 830 podlaskie Sokółka
77%
18 156 mazowieckie Sokołów Podlaski
77%
16 644 opolskie Strzelce Opolskie
77%
8609 kujawsko-pomorskie Sępólno Krajeńskie
74%
13 221 podlaskie Siemiatycze
72%
11 799 dolnośląskie Strzelin
72%
27 709 wielkopolskie Swarzędz
72%
6044 świętokrzyskie Sędziszów
69%
23 813 małopolskie Skawina
67%
9560 lubuskie Strzelce Krajeńskie
67%
5860 łódzkie Sulejów
67%
21 669 mazowieckie Sulejówek
67%
17 994 wielkopolskie Szamotuły
67%
4771 podlaskie Sejny
64%
12 715 wielkopolskie Słupca
64%
9582 lubuskie Sulęcin
64%
5138 śląskie Szczyrk
64%
12 423 podkarpackie Sędziszów Małopolski
62%
13 278 świętokrzyskie Staszów
62%
8711 małopolskie Sucha Beskidzka
62%
5441 mazowieckie Serock
59%
13 108 śląskie Skoczów
59%
11 537 zachodniopomorskie Sławno
59%
8580 małopolskie Stary Sącz
59%
14 706 dolnośląskie Strzegom
59%
15 260 lubuskie Sulechów
59%
5162 małopolskie Szczawnica
59%
5546 dolnośląskie Szklarska Poręba
59%
8781 pomorskie Sztum
59%
944 świętokrzyskie Szydłów
59%
16 640 mazowieckie Sierpc
56%
5139 kujawsko-pomorskie Strzelno
56%
10 325 mazowieckie Szydłowiec
56%
3309 łódzkie Stryków
54%
4275 podlaskie Supraśl
54%
5783 śląskie Siewierz
51%
6768 śląskie Sławków
51%
15 066 kujawsko-pomorskie Solec Kujawski
51%
1983 podlaskie Suchowola
49%
1858 warmińsko-mazurskie Sępopol
46%
4400 podkarpackie Sokołów Małopolski
46%
894 mazowieckie Solec nad Wisłą
46%
8296 podkarpackie Strzyżów
46%
9859 dolnośląskie Syców
46%
6670 zachodniopomorskie Sianów
44%
7112 dolnośląskie Sobótka
44%
3276 śląskie Szczekociny
44%
4444 mazowieckie Skaryszew
41%
3509 śląskie Strumień
38%
5163 warmińsko-mazurskie Susz
38%
5121 dolnośląskie Szczawno-Zdrój
38%
4647 lubelskie Szczebrzeszyn
38%
4045 małopolskie Szczucin
38%
10 296 lubuskie Szprotawa
38%
3426 pomorskie Skórcz
36%
8922 lubuskie Skwierzyna
36%
4982 świętokrzyskie Stąporków
36%
7307 świętokrzyskie Suchedniów
36%
949 podlaskie Suraż
36%
4734 dolnośląskie Szczytna
36%
1701 mazowieckie Sanniki
33%
6523 pomorskie Skarszewy
33%
4144 małopolskie Słomniki
33%
3055 podlaskie Szczuczyn
33%
3832 małopolskie Skała
31%
3300 wielkopolskie Sompolno
31%
3870 wielkopolskie Szamocin
31%
5739 wielkopolskie Sieraków
28%
1175 świętokrzyskie Skalbmierz
28%
3361 kujawsko-pomorskie Skępe
28%
4828 wielkopolskie Skoki
28%
4843 dolnośląskie Stronie Śląskie
28%
9323 kujawsko-pomorskie Szubin
28%
1313 lubelskie Siedliszcze
26%
4043 lubuskie Sława
26%
1977 podlaskie Stawiski
26%
1389 zachodniopomorskie Suchań
26%
6517 małopolskie Sułkowice
26%
1950 podlaskie Szepietowo
26%
11 537 dolnośląskie Siechnice
23%
1960 podkarpackie Sieniawa
23%
1349 wielkopolskie Stawiszyn
23%
2482 zachodniopomorskie Stepnica
23%
1223 lubuskie Szlichtyngowa
23%
948 mazowieckie Sienno
21%
1880 mazowieckie Sochocin
21%
1976 śląskie Sośnicowice
21%
5828 wielkopolskie Stęszew
21%
2306 lubelskie Stoczek Łukowski
21%
1752 łódzkie Szadek
21%
1770 mazowieckie Stanisławów
18%
1098 świętokrzyskie Stopnica
18%
2698 wielkopolskie Sulmierzyce
18%
989 świętokrzyskie Sobków
15%
2154 mazowieckie Staroźreby
15%
2284 mazowieckie Siennica
13%
1525 opolskie Strzeleczki
13%
Nie znaleziono quizów pasujących do podanych kryteriów
Rozkład punktacji
Procent ludzi z każdym wynikiem
Percentyl według liczby udzielonych odpowiedzi
Twoja historia wyników
Nie rozwiązałeś tego quizu od ostatniego zresetowania